00310 a2200109 4500001000700000020000600007040001100013100003800024240006700062245006200129362000900191164355 a  cMagnum aVasconcellos, Vera Maria Ramos de10aPerspectiva co-construtivista na psicologia e na educacaolpor10aPerspectiva co-construtivista na psicologia e na educacao0 a1899